Top 30 Soccer Players of All Time - Statistics

General Stats
  • This quiz has been taken 253 times
    222 since last reset
  • The average score is 16 of 30
Answer Stats
Hint Answer % Correct
2 Cristiano Ronaldo
100%
1 Lionel Messi
100%
3 Pelé
96%
4 Diego Maradona
95%
7 Ronaldinho
81%
12 Neymar Jr.
76%
8 Zinedine Zidane
76%
6 Johan Cruyff
75%
10 Paolo Maldini
70%
21 Xavi
61%
24 Andres Iniesta
59%
16 Luis Suarez
53%
9 Gianluigi Buffon
51%
11 Gerd Müller
50%
15 Ferenc Puskás
49%
17 Sergio Ramos
49%
20 Thierry Henry
49%
25 Manuel Neuer
48%
5 Ronaldo Nazario
48%
19 Zlatan Ibrahimovic
44%
23 Wayne Rooney
42%
26 Ruud Gullit
39%
14 Robert Lewandowski
38%
22 David Beckham
35%
29 Lothar Matthäus
25%
27 Didier Drogba
24%
28 Kevin De Bruyne
23%
18 Samuel Eto'o
23%
13 Eric Cantona
16%
30 Miroslav Klose
9%
No matching quizzes found
Score Distribution
Percent of People with Each Score
Percentile by Number Answered
Your Score History
You have not taken this quiz since the last reset